|
|
|
|
| LEADER |
00000naa a22000002c 4500 |
| 001 |
1589029941 |
| 003 |
DE-627 |
| 005 |
20190311192809.0 |
| 007 |
tu |
| 008 |
190311s1995 xx ||||| 00| ||eng c |
| 020 |
|
|
|a 0819198374
|
| 035 |
|
|
|a (DE-627)1589029941
|
| 035 |
|
|
|a (DE-576)519029941
|
| 035 |
|
|
|a (DE-599)BSZ519029941
|
| 040 |
|
|
|a DE-627
|b ger
|c DE-627
|e rakwb
|
| 041 |
|
|
|a eng
|
| 084 |
|
|
|a 1
|2 ssgn
|
| 100 |
1 |
|
|0 (DE-588)1130155323
|0 (DE-627)884529762
|0 (DE-576)486632385
|4 aut
|a Bellis, Alice Ogden
|d 1950-
|
| 109 |
|
|
|a Bellis, Alice Ogden 1950-
|a Ogden Bellis, Alice 1950-
|a Bellis, Alice O. 1950-
|
| 245 |
1 |
4 |
|a The Book of Hosea
|
| 264 |
|
1 |
|c 1995
|
| 336 |
|
|
|a Text
|b txt
|2 rdacontent
|
| 337 |
|
|
|a ohne Hilfsmittel zu benutzen
|b n
|2 rdamedia
|
| 338 |
|
|
|a Band
|b nc
|2 rdacarrier
|
| 630 |
0 |
7 |
|0 (DE-588)4025910-9
|0 (DE-627)106290789
|0 (DE-576)208963685
|a Bibel
|p Hosea
|2 gnd
|
| 652 |
|
|
|a HB
|
| 700 |
1 |
|
|a Ogden Bellis, Alice
|4 oth
|
| 773 |
0 |
8 |
|i In
|t Many voices
|d Lanham, Md. [u.a.] : Univ. Pr. of America, 1995
|g (1995), Seite 19-20
|h 101 S.
|w (DE-627)1611201454
|w (DE-576)055917658
|z 0819198366
|z 0819198374
|7 nnam
|
| 773 |
1 |
8 |
|g year:1995
|g pages:19-20
|
| 935 |
|
|
|a BIIN
|
| 951 |
|
|
|a AR
|
| BIB |
|
|
|a 1
|
| BIR |
|
|
|a 55000000_55999999
|b biblesearch
|
| ELC |
|
|
|b 1
|
| ITA |
|
|
|a 1
|t 1
|
| LOK |
|
|
|0 000 xxxxxcx a22 zn 4500
|
| LOK |
|
|
|0 001 3058713398
|
| LOK |
|
|
|0 003 DE-627
|
| LOK |
|
|
|0 004 1589029941
|
| LOK |
|
|
|0 005 20190311192809
|
| LOK |
|
|
|0 008 190311||||||||||||||||ger|||||||
|
| LOK |
|
|
|0 035
|a (DE-Tue135-1)85073
|
| LOK |
|
|
|0 040
|a DE-Tue135-1
|c DE-627
|d DE-Tue135-1
|
| LOK |
|
|
|0 852
|a DE-Tue135-1
|
| LOK |
|
|
|0 852 1
|c FTHAT036929/ONBA/2
|m p
|9 00
|
| LOK |
|
|
|0 852 2
|b C 71
|9 00
|
| LOK |
|
|
|0 935
|a iSWA
|
| LOK |
|
|
|0 936ln
|0 1442044128
|a HB
|
| LOK |
|
|
|0 938
|k p
|
| LOK |
|
|
|0 939
|a 11-03-19
|b l12
|
| ORI |
|
|
|a SA-MARC-ixtheoa001.raw
|
| SUB |
|
|
|a BIB
|
| SYD |
0 |
0 |
|a Buch Hosea,Hosea,Osee,Osea,Osée,Oseas,Hos,Ho,Os,Osée (Buch der Bibel),הושע,ספר הושע,תנ"ך,הושע
|